000 00518nam a22001577a 4500
003 OSt
005 20151101083114.0
008 151101b xxu||||| |||| 00| 0 eng d
040 _cRUA
082 _aFOR តាំង 1989 B115 Or.1
100 _93095
_aតាំង ផល្លី
245 _aសុវឌ្ឍិកម្មរោងចក្រអារឈើទន្លេបិទ ខេត្តកំពង់ចាម
260 _aPhnom Penh
_bRUA
_c1989
300 _a103p.
_bill.
_c29cm.
942 _2ddc
_cFOR
999 _c2884
_d2884